Statistics for Name The Empire Part 1

Click here to take the quiz!

General Stats

  • This quiz has been taken 66 times
  • The average score is 7 of 8

Answer Stats

Answer% Correct
Roman Empire
98%
Spanish Empire
96%
French Empire
93%
Russian Empire
91%
Inca Empire
83%
Dutch Empire
80%
Ottoman Empire
80%
Mughal Empire
50%

Score Distribution

Percentile by Number Answered

Percent of People with Each Score

Your Score History

You have not taken this quiz